000 00637nam a2200229 i 4500
001 bg
100 1 _aCZAJKA, Marek
245 1 0 _aMandrake Linux /
_cMarek Czajka, Łukasz Kołodziej.
260 _aGliwice :
_b"Helion",
_ccop. 2003.
300 _a358 s. :
_bfot. ;
_c24 cm.
650 9 _aLinux
655 _aPodręczniki
700 1 _aKOŁODZIEJ, Łukasz.
_eTł.
020 _a8373610324
040 _cBPK
041 1 _apol
_heng
080 _a004.451(07)
920 _a83-7361-032-4
942 _cKS
008 s pl f |000 0 pol
999 _c45803
_d45803
856 _uhttp://koha.tu.koszalin.pl/cgi-bin/koha/opac-detail.pl?biblionumber=45803
_yKatalog online BPK